Statistics for Biggest Cities in the World

Click here to take the quiz!

General Stats

  • This quiz has been taken 20 times
  • The average score is 90 of 150

Answer Stats

RankCityPopulationCountry% Correct
5Mexico City21,581,000Mexico ๐Ÿ‡ฒ๐Ÿ‡ฝ
100%
19Rio de Janeiro13,293,000Brazil ๐Ÿ‡ง๐Ÿ‡ท
100%
1Tokyo37,468,000Japan ๐Ÿ‡ฏ๐Ÿ‡ต
100%
79Alexandria5,086,000Egypt ๐Ÿ‡ช๐Ÿ‡ฌ
95%
6Cairo20,076,000Egypt ๐Ÿ‡ช๐Ÿ‡ฌ
95%
2Delhi28,514,000India ๐Ÿ‡ฎ๐Ÿ‡ณ
95%
11New York18,819,000United States ๐Ÿ‡บ๐Ÿ‡ธ
95%
3Shanghai25,582,000China ๐Ÿ‡จ๐Ÿ‡ณ
95%
115Berlin3,563,000Germany ๐Ÿ‡ฉ๐Ÿ‡ช
90%
13Buenos Aires14,967,000Argentina ๐Ÿ‡ฆ๐Ÿ‡ท
90%
15Istanbul14,751,000Turkey ๐Ÿ‡น๐Ÿ‡ท
90%
30Jakarta10,517,000Indonesia ๐Ÿ‡ฎ๐Ÿ‡ฉ
90%
37London9,046,000United Kingdom ๐Ÿ‡ฌ๐Ÿ‡ง
90%
23Los Angeles12,458,000United States ๐Ÿ‡บ๐Ÿ‡ธ
90%
57Madrid6,497,000Spain ๐Ÿ‡ช๐Ÿ‡ธ
90%
24Moscow12,410,000Russia ๐Ÿ‡ท๐Ÿ‡บ
90%
7Mumbai19,980,000India ๐Ÿ‡ฎ๐Ÿ‡ณ
90%
10Osaka19,281,000Japan ๐Ÿ‡ฏ๐Ÿ‡ต
90%
28Paris10,901,000France ๐Ÿ‡ฒ๐Ÿ‡ซ
90%
4Sรฃo Paulo21,650,000Brazil ๐Ÿ‡ง๐Ÿ‡ท
90%
88Sydney4,505,000Australia ๐Ÿ‡ฆ๐Ÿ‡บ
90%
63Toronto6,082,000Canada ๐Ÿ‡จ๐Ÿ‡ฆ
90%
83Ankara4,750,000Turkey ๐Ÿ‡น๐Ÿ‡ท
85%
33Bangkok10,156,000Thailand ๐Ÿ‡น๐Ÿ‡ญ
85%
8Beijing19,618,000China ๐Ÿ‡จ๐Ÿ‡ณ
85%
39Chicago8,864,000United States ๐Ÿ‡บ๐Ÿ‡ธ
85%
48Hong Kong7,429,000Hong Kong ๐Ÿ‡ญ๐Ÿ‡ฐ
85%
149Kyiv2,942,000Ukraine ๐Ÿ‡บ๐Ÿ‡ฆ
85%
32Lima10,391,000Peru ๐Ÿ‡ต๐Ÿ‡ช
85%
17Manila13,482,000Philippines ๐Ÿ‡ต๐Ÿ‡ญ
85%
105Rome3,718,000Italy ๐Ÿ‡ฎ๐Ÿ‡น
85%
34Seoul9,963,000South Korea ๐Ÿ‡ฐ๐Ÿ‡ท
85%
38Tehran8,896,000Iran ๐Ÿ‡ฎ๐Ÿ‡ท
85%
54Baghdad6,812,000Iraq ๐Ÿ‡ฎ๐Ÿ‡ถ
80%
72Barcelona5,494,000Spain ๐Ÿ‡ช๐Ÿ‡ธ
80%
29Bogotรก10,574,000Colombia ๐Ÿ‡จ๐Ÿ‡ด
80%
91Boston4,249,000United States ๐Ÿ‡บ๐Ÿ‡ธ
80%
93Brasรญlia4,155,000Brazil ๐Ÿ‡ง๐Ÿ‡ท
80%
9Dhaka19,578,000Bangladesh ๐Ÿ‡ง๐Ÿ‡ฉ
80%
65Miami6,036,000United States ๐Ÿ‡บ๐Ÿ‡ธ
80%
137Milan3,099,000Italy ๐Ÿ‡ฎ๐Ÿ‡น
80%
74Saint Petersburg5,383,000Russia ๐Ÿ‡ท๐Ÿ‡บ
80%
125San Francisco3,300,000United States ๐Ÿ‡บ๐Ÿ‡ธ
80%
55Santiago6,680,000Chile ๐Ÿ‡จ๐Ÿ‡ฑ
80%
139Athens3,052,000Greece ๐Ÿ‡ฌ๐Ÿ‡ท
75%
62Dallas6,099,000United States ๐Ÿ‡บ๐Ÿ‡ธ
75%
150Guatemala City2,918,000Guatemala ๐Ÿ‡ฌ๐Ÿ‡น
75%
109Hanoi3,629,000Vietnam ๐Ÿ‡ป๐Ÿ‡ณ
75%
43Ho Chi Minh City8,145,000Vietnam ๐Ÿ‡ป๐Ÿ‡ณ
75%
18Lagos13,463,000Nigeria ๐Ÿ‡ณ๐Ÿ‡ฌ
75%
128Seattle3,249,000United States ๐Ÿ‡บ๐Ÿ‡ธ
75%
73Johannesburg5,486,000South Africa ๐Ÿ‡ฟ๐Ÿ‡ฆ
70%
46Kuala Lumpur7,564,000Malaysia ๐Ÿ‡ฒ๐Ÿ‡พ
70%
92Melbourne4,203,000Australia ๐Ÿ‡ฆ๐Ÿ‡บ
70%
98Nairobi3,915,000Kenya ๐Ÿ‡ฐ๐Ÿ‡ช
70%
68Philadelphia5,695,000United States ๐Ÿ‡บ๐Ÿ‡ธ
70%
136San Diego3,107,000United States ๐Ÿ‡บ๐Ÿ‡ธ
70%
110Tel Aviv3,608,000Israel ๐Ÿ‡ฎ๐Ÿ‡ฑ
70%
117Dakar3,520,000Senegal ๐Ÿ‡ธ๐Ÿ‡ณ
65%
108Detroit3,639,000United States ๐Ÿ‡บ๐Ÿ‡ธ
65%
22Guangzhou12,638,000China ๐Ÿ‡จ๐Ÿ‡ณ
65%
61Houston6,115,000United States ๐Ÿ‡บ๐Ÿ‡ธ
65%
84Kabul4,635,000Afghanistan ๐Ÿ‡ฆ๐Ÿ‡ซ
65%
12Karachi15,400,000Pakistan ๐Ÿ‡ต๐Ÿ‡ฐ
65%
21Kinshasa13,171,000DR Congo ๐Ÿ‡จ๐Ÿ‡ฉ
65%
96Montreal3,981,000Canada ๐Ÿ‡จ๐Ÿ‡ฆ
65%
95Phoenix4,063,000United States ๐Ÿ‡บ๐Ÿ‡ธ
65%
53Riyadh6,907,000Saudi-Arabia ๐Ÿ‡ธ๐Ÿ‡ฆ
65%
147Santo Domingo2,945,000Dominican Republic ๐Ÿ‡ฉ๐Ÿ‡ด
65%
67Singapore5,792,000Singapore ๐Ÿ‡ธ๐Ÿ‡ฌ
65%
77Washington5,207,000United States ๐Ÿ‡บ๐Ÿ‡ธ
65%
129Addis Ababa3,238,000Ethiopia ๐Ÿ‡ช๐Ÿ‡น
60%
132Busan3,216,000South Korea ๐Ÿ‡ฐ๐Ÿ‡ท
60%
107Cape Town3,660,000South Africa ๐Ÿ‡ฟ๐Ÿ‡ฆ
60%
118Casablanca3,515,000Morocco ๐Ÿ‡ฒ๐Ÿ‡ฆ
60%
142Izmir3,040,000Turkey ๐Ÿ‡น๐Ÿ‡ท
60%
94Jeddah4,076,000Saudi-Arabia ๐Ÿ‡ธ๐Ÿ‡ฆ
60%
16Kolkata14,681,000India ๐Ÿ‡ฎ๐Ÿ‡ณ
60%
26Lahore11,738,000Pakistan ๐Ÿ‡ต๐Ÿ‡ฐ
60%
44Luanda7,774,000Angola ๐Ÿ‡ฆ๐Ÿ‡ด
60%
146Sana'a2,962,000Yemen ๐Ÿ‡พ๐Ÿ‡ช
60%
20Tianjin13,215,000China ๐Ÿ‡จ๐Ÿ‡ณ
60%
42Wuhan8,176,000China ๐Ÿ‡จ๐Ÿ‡ณ
60%
69Atlanta5,572,000United States ๐Ÿ‡บ๐Ÿ‡ธ
55%
27Bangalore11,440,000India ๐Ÿ‡ฎ๐Ÿ‡ณ
55%
66Belo Horizonte5,972,000Brazil ๐Ÿ‡ง๐Ÿ‡ท
55%
40Chengdu8,813,000China ๐Ÿ‡จ๐Ÿ‡ณ
55%
14Chongqing14,838,000China ๐Ÿ‡จ๐Ÿ‡ณ
55%
64Dar es Salaam6,048,000Tanzania ๐Ÿ‡น๐Ÿ‡ฟ
55%
71Khartoum5,534,000Sudan ๐Ÿ‡ธ๐Ÿ‡ฉ
55%
87Monterey4,513,000Mexico ๐Ÿ‡ฒ๐Ÿ‡ฝ
55%
35Nagoya9,507,000Japan ๐Ÿ‡ฏ๐Ÿ‡ต
55%
47Xi'an7,444,000China ๐Ÿ‡จ๐Ÿ‡ณ
55%
82Abidjan4,860,000Ivory Coast ๐Ÿ‡จ๐Ÿ‡ฎ
50%
31Chennai10,456,000India ๐Ÿ‡ฎ๐Ÿ‡ณ
50%
148Douala2,943,000Cameroon ๐Ÿ‡จ๐Ÿ‡ฒ
50%
81Guadalajara5,023,000Mexico ๐Ÿ‡ฒ๐Ÿ‡ฝ
50%
36Hyderabad9,482,000India ๐Ÿ‡ฎ๐Ÿ‡ณ
50%
112Kano3,587,000Nigeria ๐Ÿ‡ณ๐Ÿ‡ฌ
50%
99Medellรญn3,911,000Colombia ๐Ÿ‡จ๐Ÿ‡ด
50%
59Pune6,276,000India ๐Ÿ‡ฎ๐Ÿ‡ณ
50%
104Recife3,739,000Brazil ๐Ÿ‡ง๐Ÿ‡ท
50%
25Shenzhen11,908,000China ๐Ÿ‡จ๐Ÿ‡ณ
50%
78Yangon5,157,000Myanmar ๐Ÿ‡ฒ๐Ÿ‡ฒ
50%
45Ahmedabad7,681,000India ๐Ÿ‡ฎ๐Ÿ‡ณ
45%
116Aleppo3,562,000Syria ๐Ÿ‡ธ๐Ÿ‡พ
45%
86Chittagong4,539,000Bangladesh ๐Ÿ‡ง๐Ÿ‡ฉ
45%
100Fortaleza3,880,000Brazil ๐Ÿ‡ง๐Ÿ‡ท
45%
60Harbin6,115,000China ๐Ÿ‡จ๐Ÿ‡ณ
45%
134Ibadan3,160,000Nigeria ๐Ÿ‡ณ๐Ÿ‡ฌ
45%
101Kunming3,780,000China ๐Ÿ‡จ๐Ÿ‡ณ
45%
111Porto Alegre3,603,000Brazil ๐Ÿ‡ง๐Ÿ‡ท
45%
145Puebla2,984,000Mexico ๐Ÿ‡ฒ๐Ÿ‡ฝ
45%
138Yaoundรฉ3,066,000Cameroon ๐Ÿ‡จ๐Ÿ‡ฒ
45%
50Hangzhou7,326,000China ๐Ÿ‡จ๐Ÿ‡ณ
40%
122Jaipur3,461,000India ๐Ÿ‡ฎ๐Ÿ‡ณ
40%
89Xiamen4,430,000China ๐Ÿ‡จ๐Ÿ‡ณ
40%
121Curitiba3,474,000Brazil ๐Ÿ‡ง๐Ÿ‡ท
35%
70Fukuoka5,551,000Japan ๐Ÿ‡ฏ๐Ÿ‡ต
35%
126Fuzhou3,283,000China ๐Ÿ‡จ๐Ÿ‡ณ
35%
131Lucknow3,222,000India ๐Ÿ‡ฎ๐Ÿ‡ณ
35%
144Mashhad3,014,000Iran ๐Ÿ‡ฎ๐Ÿ‡ท
35%
41Nanjing8,245,000China ๐Ÿ‡จ๐Ÿ‡ณ
35%
56Surat6,564,000India ๐Ÿ‡ฎ๐Ÿ‡ณ
35%
119Urumqi3,499,000China ๐Ÿ‡จ๐Ÿ‡ณ
35%
76Dalian5,300,000China ๐Ÿ‡จ๐Ÿ‡ณ
30%
75Qingdao5,381,000China ๐Ÿ‡จ๐Ÿ‡ณ
30%
85Qingdao4,566,000China ๐Ÿ‡จ๐Ÿ‡ณ
30%
52Shenyang6,921,000China ๐Ÿ‡จ๐Ÿ‡ณ
30%
58Suzhou6,339,000China ๐Ÿ‡จ๐Ÿ‡ณ
30%
133Wenzhou3,208,000China ๐Ÿ‡จ๐Ÿ‡ณ
30%
141Campinas3,047,000Brazil ๐Ÿ‡ง๐Ÿ‡ท
25%
49Dongguan7,360,000China ๐Ÿ‡จ๐Ÿ‡ณ
25%
114Faisalabad3,567,000Pakistan ๐Ÿ‡ต๐Ÿ‡ฐ
25%
130Nanning3,234,000China ๐Ÿ‡จ๐Ÿ‡ณ
25%
97Shantou3,949,000China ๐Ÿ‡จ๐Ÿ‡ณ
25%
140Wuxi3,049,000China ๐Ÿ‡จ๐Ÿ‡ณ
25%
90Zhengzhou4,387,000China ๐Ÿ‡จ๐Ÿ‡ณ
25%
102Changchun3,762,000China ๐Ÿ‡จ๐Ÿ‡ณ
20%
103Changsha3,761,000China ๐Ÿ‡จ๐Ÿ‡ณ
20%
51Foshan7,236,000China ๐Ÿ‡จ๐Ÿ‡ณ
20%
124Hefei3,348,000China ๐Ÿ‡จ๐Ÿ‡ณ
20%
80Jinan5,052,000China ๐Ÿ‡จ๐Ÿ‡ณ
20%
143Kanpur3,021,000India ๐Ÿ‡ฎ๐Ÿ‡ณ
20%
135Ningbo3,132,000China ๐Ÿ‡จ๐Ÿ‡ณ
20%
127Shijiazhuang3,264,000China ๐Ÿ‡จ๐Ÿ‡ณ
20%
120Taiyuan3,482,000China ๐Ÿ‡จ๐Ÿ‡ณ
20%
106Zhongshan3,691,000China ๐Ÿ‡จ๐Ÿ‡ณ
20%
123Hamamatsu3,369,000Japan ๐Ÿ‡ฏ๐Ÿ‡ต
15%
113Salvador de Bahia3,583,000Brazil ๐Ÿ‡ง๐Ÿ‡ท
15%

Score Distribution

Percentile by Number Answered

Percent of People with Each Score

Your Score History

You have not taken this quiz